L'Inde des Rajahs (Record no. 164027)
[ view plain ]
| 000 -LEADER | |
|---|---|
| campo de control de longitud fija | 00875nam a2200193 i 4500 |
| 001 - NÚMERO DE CONTROL | |
| campo de control | 164027 |
| 003 - IDENTIFICADOR DE NÚMERO DE CONTROL | |
| campo de control | ES-MaACL |
| 005 - FECHA Y HORA DE LA ÚLTIMA TRANSACCIÓN | |
| campo de control | 20230906212846.0 |
| 008 - DATOS DE LONGITUD FIJA--INFORMACIÓN GENERAL | |
| campo de control de longitud fija | 990714s1875 fr a |||| | fre d |
| 040 ## - FUENTE DE CATALOGACIÓN | |
| Centro catalogador/agencia de origen | M-RAF |
| Lengua de catalogación | spa |
| Centro/agencia transcriptor | M-RAF |
| Centro/agencia modificador | CCPB | B |
| 100 1# - ENTRADA PRINCIPAL--NOMBRE DE PERSONA | |
| Nombre de persona | Rousselet, Louis. |
| 9 (RLIN) | 132111 |
| 245 12 - MENCIÓN DEL TÍTULO | |
| Título | L'Inde des Rajahs |
| Resto del título | : voyage dans L'Inde centrale et dans les présidences de Bombay et du Bengale / |
| Mención de responsabilidad, etc. | par Louis Rousselet. |
| 260 ## - PUBLICACIÓN, DISTRIBUCIÓN, ETC. | |
| Lugar de publicación, distribución, etc. | París : |
| Nombre del editor, distribuidor, etc. | Librairie Hachette, |
| Fecha de publicación, distribución, etc. | 1875. |
| 300 ## - DESCRIPCIÓN FÍSICA | |
| Extensión | 807 p., [26] h. de lám., 6 map. : |
| Otras características físicas | il. ; |
| Dimensiones | 35 cm. |
| 500 ## - NOTA GENERAL | |
| Nota general | En port.: ouvrage contenant 317 gravures sur bois dessinées par nos plus célèbres artistes et six cartes. |
| 650 04 - PUNTO DE ACCESO ADICIONAL DE MATERIA--TÉRMINO DE MATERIA | |
| Término de materia o nombre geográfico como elemento de entrada | India- |
| Subdivisión general | Descripción. |
| 9 (RLIN) | 223940 |
| 852 ## - LOCALIZACIÓN | |
| Ubicación | ES-MaACL |
| Número de control de estantería | C-1779 |
| Nota libre | -- Enc. editorial, tela roja grabada, cantos dorados |
| -- | .- Sello: "Testamentaría de Rafael Monleón, año 1900" |
| Estatus retirado | Estado de pérdida | Estado de daño | No para préstamo | Colección | Biblioteca de origen | Biblioteca actual | Ubicación en estantería | Fecha de adquisición | Fuente de adquisición | Total de préstamos | Signatura topográfica completa | Código de barras | Visto por última vez | Precio de reemplazo | Tipo de ítem Koha |
|---|---|---|---|---|---|---|---|---|---|---|---|---|---|---|---|
| Libros del s. XIX | Biblioteca del Ateneo de Madrid | Biblioteca del Ateneo de Madrid | Sala Palomar | 17/01/2008 | C-1779 | 1171910 | 23/02/2023 | 23/02/2023 | Libro impreso antiguo |
